000 01128nam a22003377a 4500
003 CHAP
005 20220329143606.0
008 100802s2001 us r 00010 eng d
010 _a98969
011 _a99941
020 _a0821828215 (alk. paper)
035 _a110627
040 _cCHAP
082 0 4 _a515.42076
_bB28
100 1 _aBartle, Robert Gardner
_910624
245 1 0 _aSolution manual to a modern theory of integration
_c/by Robert G. Bartle
260 _aProvidence, R.I. :
_bAmerican Mathematical Society,
_cc2001
300 _avii, 72 p.
490 0 _aGraduate studies in mathematics
590 _aBATCH-UPD
_b10
_c20130110
_lUCH01
_h1946
590 _aBATCH-UPD
_b10
_c20130410
_lUCH01
_h1308
590 _aBATCH-UPD
_b10
_c20130914
_lUCH01
_h0547
590 _aCONVERSION
_b10
_c20130109
_lUCH01
_h1355
650 1 4 _aCálculo integral.
_923995
650 1 4 _aCálculo integral
_xProblemas, ejercicios, etc.
_923996
830 0 _aGraduate studies in mathematics
_950185
901 _aBK
911 _aen proceso/
942 _cLIBRO
949 _a515.42076 B28
_bBC
_cLIBRO
_d33724002214553
_eLIBRO
_h113048
_i110627
_sb
999 _c98969
_d98969